Những mảnh ghép Tập truyện
...
Đã lưu trong:
| Tác giả chính: | |
|---|---|
| Định dạng: | Sách |
| Năm xuất bản: |
H.
Hội Nhà văn
2019
|
| Chủ đề: | |
| Tags: |
Thêm thẻ
Không có thẻ, Hãy là người đầu tiên gắn thẻ bản ghi này!
|
| LEADER | 00710nam a2200157 4500 | ||
|---|---|---|---|
| 999 | |c 16012 |d 16012 | ||
| 082 | |a 895.922334 |b TR120M | ||
| 100 | |a Trần Mỹ Hiền | ||
| 245 | |a Những mảnh ghép |c Trần Mỹ Hiền |b Tập truyện | ||
| 260 | |a H. |b Hội Nhà văn |c 2019 | ||
| 300 | |a 351 tr. |c 21 cm | ||
| 500 | |a ĐTTS ghi: Liên hiệp các hội văn học nghệ thuật Việt Nam. Hội văn nghệ các dân tộc thiểu số Việt Nam | ||
| 520 | |a ... | ||
| 653 | |a Văn học hiện đại |a Thế kỷ 20 |a Việt Nam |a Truyện ngắn | ||
| 942 | |2 ddc |c SH | ||
| 952 | |0 0 |1 0 |2 ddc |4 0 |6 895_922334000000000_TR120M |7 0 |8 800 |9 118273 |a qbu |b qbu |c D5 |d 2020-06-15 |g 80000 |o 895.922334 TR120M |p 13232.C1 |r 2020-06-15 |w 2020-06-15 |y SH | ||